Meranie pretvorení na produktoch plošného tvárnenia fotogrammetrickou metódou

Guardado en:
Detalles Bibliográficos
Autor principal: Sládeček, Štefan, 1971- (Autor)
Otros Autores: Schrek, Alexander, 1967- (Orientador)
Formato: Manuscrito Libro
Lenguaje:eslovaco
Publicado: Bratislava : STU v Bratislave SjF, 2013
Materias:
Acceso en línea:VAIS
Etiquetas: Agregar Etiqueta
Sin Etiquetas, Sea el primero en etiquetar este registro!

MARC

LEADER 00000ntm a22000003a 4500
001 stu286860
005 20150617230257.2
008 140321s2013----xo------------------slo-d
040 |a STU  |b slo 
041 0 |a slo 
044 |a xo 
100 1 |a Sládeček, Štefan,  |d 1971-  |4 aut  |u J  |T SjF Strojnícka fakulta  |X 51020  |U J  |Y 20  |7 A000051020 
242 0 0 |a Measurement of deformation on the products of surface forming by photogrammetry  |y eng 
245 1 |a Meranie pretvorení na produktoch plošného tvárnenia fotogrammetrickou metódou 
260 |a Bratislava :  |b STU v Bratislave SjF,  |c 2013 
650 7 |a Production Processes and Materials  |2 estusub 
650 7 |a anizotropia  |2 stusub 
650 7 |a strojárske technológie a materiály  |2 stusub 
700 1 |a Schrek, Alexander,  |d 1967-  |4 ths  |u J280  |U SjF Ústav technológií a materiálov  |T SjF Katedra materiálov a technológií  |X 2319  |U J280  |Y 52  |7 A000002319 
856 4 |a info a plný text  |u http://is.stuba.sk/zp/portal_zp.pl?podrobnosti=94990  |3 VAIS 
996 |b 284J042344  |c J*1340/DP  |l JJSK  |s A  |a 24  |w stu286860_0001